Southville International School and Colleges
Your cart is empty.
  • Cart
  • Lists
    Public lists Eva Luna New books Lux_list list_1
    Your lists Log in to create your own lists
  • Log in to your account
  • Your cookies
  • Search history
Southville International School and Colleges
  • Advanced search
  • Recent comments
  • Most popular
  • Libraries

Log in to your account

Log in with GOOGLE


If you do not have an external account, but do have a local account, you can still log in:

  1. Home
  2. MARC view: Fairy tales /
Normal view MARC view ISBD view

Fairy tales / (Record no. 11914)

[ view plain ]
MARC details
000 -LEADER
fixed length control field 00626nam a22002057a 4500
003 - CONTROL NUMBER IDENTIFIER
control field OSt
005 - DATE AND TIME OF LATEST TRANSACTION
control field 20140310182327.0
008 - FIXED-LENGTH DATA ELEMENTS--GENERAL INFORMATION
fixed length control field 130921t xxu||||| |||| 00| 0 eng d
020 ## - INTERNATIONAL STANDARD BOOK NUMBER
International Standard Book Number 9780603553684
050 ## - LIBRARY OF CONGRESS CALL NUMBER
Classification number PZ 8
Item number .F172 1994
082 ## - DEWEY DECIMAL CLASSIFICATION NUMBER
Classification number GS 398.21
Item number R47 1994
245 ## - TITLE STATEMENT
Title Fairy tales /
Statement of responsibility, etc Retold by James Riordan; illus. by Hilda Offen
260 ## - PUBLICATION, DISTRIBUTION, ETC. (IMPRINT)
Place of publication, distribution, etc Singapore :
Name of publisher, distributor, etc Reed International Books Limited,
Date of publication, distribution, etc c1994.
300 ## - PHYSICAL DESCRIPTION
Extent 94 p. :
Other physical details ill.: col. ;
Dimensions 31 cm.
541 ## - IMMEDIATE SOURCE OF ACQUISITION NOTE
-- 1
562 ## - COPY AND VERSION IDENTIFICATION NOTE
Number of copies 1
650 ## - SUBJECT ADDED ENTRY--TOPICAL TERM
Topical term or geographic name as entry element Fairy tales
General subdivision Juvenile Literature
9 (RLIN) 21307
650 ## - SUBJECT ADDED ENTRY--TOPICAL TERM
Topical term or geographic name as entry element Fairy Tales
General subdivision Collections
9 (RLIN) 21308
942 ## - ADDED ENTRY ELEMENTS (KOHA)
Source of classification or shelving scheme Library of Congress Classification
Koha item type
Holdings
Withdrawn status Lost status Source of classification or shelving scheme Damaged status Home library Current library Shelving location Date acquired Total Checkouts Full call number Barcode Date last seen Date checked out Copy number Price effective from Koha item type
    Library of Congress Classification   Luxembourg Library Luxembourg Library Grade School Section 09/21/2013 1 PZ 8 .F172 1994 2587 06/05/2015 05/12/2015 1 09/21/2013 Books

Fairy tales /

APA

(1994). Fairy tales. Singapore: Reed International Books Limited.

Chicago

1994. Fairy tales. Singapore: Reed International Books Limited.

Harvard

(1994). Fairy tales. Singapore: Reed International Books Limited.

MLA

Fairy tales. Singapore: Reed International Books Limited. 1994.

  • Place hold
  • Print
  • Cite
  • Add to your cart (remove)
  • Save record
    BIBTEX Dublin Core MARCXML MARC (non-Unicode/MARC-8) MARC (Unicode/UTF-8) MARC (Unicode/UTF-8, Standard) MODS (XML) RIS
  • More searches
    Search for this title in:
    Other Libraries (WorldCat) Other Databases (Google Scholar) Online Stores (Bookfinder.com) Open Library (openlibrary.org)

Exporting to Dublin Core...

SOUTHVILLE LIBRARY

Southville International School and Colleges Library

1281 Tropical Ave. Cor. Luxembourg St., BF Homes International, Las Pinas City

Tel. No. 8256374 / 252358 Loc. 117/146

Powered by Koha